[Event "Bad Woerishofen op"]
[Site "?"]
[Date "2001.??.??"]
[Round "1"]
[White "Werner, Clemens"]
[Black "von Saldern, Ruediger"]
[Result "1-0"]
[WhiteElo "2347"]
[BlackElo "2148"]
[Annotator "ChessOrg"]
[PlyCount "85"]
[EventDate "2000.??.??"]

1. e4 {C53: Italienische Partie} 1... e5 2. Nf3 Nc6 3. Bc4 Bc5 4. c3 Qe7 5. O-O
d6 6. d3 Nf6 7. Be3 {letzter Buchzug} 7... Bxe3 8. fxe3 O-O 9. Nbd2 Na5 10. Bb5
a6 11. Ba4 b5 12. Bc2 c5 13. Qe1 Bd7 14. Nh4 g6 15. Nhf3 Nh5 16. a3 Nc6 17. Bb3
Be6 18. Bd5 Rac8 19. a4 b4 20. Nc4 bxc3 21. bxc3 Nb8 22. Rb1 Bxd5 23. exd5 Rcd8
24. Qh4 (24. e4 $14) 24... f6 (24... Qxh4 25. Nxh4 f5 26. Nd2 $11) 25. Nfd2 (
25. Rb6 $5 $16) 25... Qf7 $14 26. g4 Ng7 27. Ne4 Ne8 28. Nb6 (28. Rb6 Qxd5 29.
Rxf6 Nxf6 30. Nxf6+ Rxf6 31. Qxf6 Re8 32. Qxd6 Qxd6 33. Nxd6 33... Rd8 $18)
28... Qe7 29. Rf3 g5 (29... Nd7 $5 $14) 30. Qf2 Kg7 (30... Nd7 31. Nxd7 Qxd7
32. Nxg5 $16) 31. Rf1 $18 31... h6 32. h4 Nd7 33. Ng3 (33. Nxd7 Qxd7 34. hxg5
hxg5 35. Nxg5 fxg5 36. Rxf8 Qxg4+ 37. Qg2 37... Qh5 $18) 33... Kh7 34. Nf5 Qf7
35. Nc4 (35. hxg5 Nxb6 36. Rh3 h5 37. Rxh5+ Qxh5 38. gxh5 38... fxg5 $18) 35...
Qxd5 $16 36. e4 Qe6 37. Qh2 37... Rh8 $2 (37... Rg8 38. hxg5 fxg5 39. Nxh6 Qxh6
40. Rh3 $18) 38. Rh3 (38. hxg5 fxg5 39. Rh3 Kg8 40. Rxh6 Rxh6 41. Nxh6+ Kg7 42.
Rf7+ Qxf7 43. Nxf7 Kxf7 44. Qh5+ Ke6 45. Qxg5 45... Nef6 $18) 38... Kg8 (38...
gxh4 $142 39. Rxh4 39... Kg8 $18) 39. hxg5 fxg5 40. Nxh6+ Rxh6 41. Rxh6 Qxg4+
42. Kh1 Ndf6 43. Ne3 (43. Ne3 Qf4 44. Rxf4 exf4 45. Nf5 $18) 1-0

[Event "Bad Woerishofen op"]
[Site "Bad Woerishofen"]
[Date "2001.??.??"]
[Round "3"]
[White "Werner, Clemens"]
[Black "Maugg, Ludwig"]
[Result "1-0"]
[WhiteElo "2347"]
[BlackElo "2160"]
[Annotator "ChessOrg"]
[PlyCount "81"]
[EventDate "1998.03.05"]

1. d4 {A45: Damenbauernspiele (Trompowski-Angriff)} 1... Nf6 2. Bg5 Ne4 3. Bf4
c5 4. f3 Qa5+ 5. c3 Nf6 6. Nd2 cxd4 7. Nb3 Qf5 8. Bxb8 Rxb8 9. Qxd4 b6 10. e4
Qf4 11. Nh3 Qc7 12. e5 Ng8 13. O-O-O e6 14. Ng5 {letzter Buchzug} 14... Ne7 15.
f4 Nf5 16. Qf2 Bb7 17. Bb5 Rd8 18. Rhe1 h5 19. g3 a6 20. Bd3 b5 21. Kb1 b4 22.
Rc1 Qb8 23. c4 Qc7 24. Qc2 g6 25. Be4 a5 26. Nf3 (26. Bxb7 Qxb7 27. Ne4 27...
Be7 $14) 26... a4 27. Nbd4 Ra8 28. Nb5 Qb6 29. Qd3 Bc5 (29... Bxe4 30. Rxe4 Be7
31. Nfd4 $14) 30. Bxb7 Qxb7 31. Ng5 O-O (31... Be7 $5 $14) 32. Ne4 $16 32...
Be7 33. h3 Nh6 34. g4 hxg4 35. hxg4 Kg7 (35... Nxg4 $4 36. Qf3 Kg7 37. Qxg4 $18
) 36. Nf6 Rad8 37. Nd6 Qg2 38. Re2 Qc6 39. c5 39... Ng8 $2 (39... Rh8 $16 $142)
40. g5 $18 40... Rb8 (40... Bxf6 41. exf6+ 41... Nxf6 $18) 41. Nde4 (41. Nde4
Nh6 42. Qxd7 $18) (41. Qh3 Nxf6 42. exf6+ Bxf6 43. Qh6+ Kg8 44. gxf6 Qe4+ 45.
Rxe4 b3 46. Qg7#) 1-0

[Event "Bad Woerishofen op"]
[Site "Bad Woerishofen"]
[Date "2001.??.??"]
[Round "5"]
[White "Werner, Clemens"]
[Black "Hornung, Hans"]
[Result "1-0"]
[WhiteElo "2347"]
[BlackElo "2213"]
[Annotator "ChessOrg"]
[PlyCount "55"]
[EventDate "1998.03.05"]
[Source "ChessBase"]
[SourceDate "1998.04.29"]

1. e4 {B22: Sizilianisch (Alapin 2.c3)} 1... c5 2. c3 d6 3. d4 Nf6 4. Bd3 e5 5.
Nf3 Nc6 6. dxe5 dxe5 7. O-O Be7 8. Qe2 O-O 9. Rd1 {letzter Buchzug} 9... Qc7
10. Bg5 Be6 11. Nbd2 Nd7 (11... Rad8 12. Bc4 $11) 12. Be3 Nb6 13. Ng5 13... Nd4
$2 (13... Bxg5 14. Bxg5 Ne7 15. Nc4 $14) 14. Qh5 (14. cxd4 $5 $142 14... exd4
15. Qh5 (15. Nxe6 $6 15... fxe6 16. Bxd4 16... cxd4 $14) 15... Bxg5 16. Bxg5
$18 (16. Qxg5 $143 16... dxe3 17. Qxe3 17... Rad8 $11)) 14... Bxg5 $16 15. Bxg5
(15. Qxg5 Na4 16. cxd4 cxd4 17. Bxd4 exd4 18. Qb5 $11) 15... Nc6 $14 16. Qe2 f6
17. Be3 Ne7 18. Nc4 Na4 19. Bc2 b5 20. Nd6 Nxb2 21. Nxb5 Qa5 22. Rdb1 (22. Bxc5
$6 22... Nxd1 23. Rxd1 23... Rf7 $11) 22... Bc4 23. Bb3 Qxb5 24. Qxb2 Kh8 25.
Qa3 25... Bd3 $2 (25... Rfc8 $14 $142) 26. Bc2 $1 $18 (26. Qxc5 $6 26... Qxc5
27. Bxc5 Bxb1 28. Rxb1 28... Rfe8 $11) (26. Bxc5 $6 26... Bxb1 27. Bxe7 Rfc8
28. Rxb1 28... Rxc3 $18) 26... Qc4 27. Bxd3 Qxd3 28. Bxc5 (28. Bxc5 Ng6 29.
Bxf8 Rxf8 30. Qxa7 Qxc3 31. Rc1 $18) 1-0

[Event "Bad Woerishofen op"]
[Site "Bad Woerishofen"]
[Date "2001.??.??"]
[Round "7"]
[White "Werner, Clemens"]
[Black "Maahs, Erich"]
[Result "1-0"]
[WhiteElo "2347"]
[BlackElo "2199"]
[Annotator "ChessOrg"]
[PlyCount "85"]
[EventDate "1998.03.05"]
[Source "ChessBase"]
[SourceDate "1998.04.29"]

1. d4 {D07: Damengambit (Tschigorin-Verteidigung)} 1... d5 2. c4 Nc6 3. Nc3 e5
4. cxd5 Nxd4 5. e3 Nf5 6. Nf3 {letzter Buchzug} 6... Bd6 7. Bb5+ Kf8 8. O-O Nh4
9. Bd2 Nxf3+ 10. Qxf3 Nf6 11. e4 h6 12. Rfe1 g5 13. Nd1 Bg4 14. Qb3 Bxd1 (14...
Kg7 15. Ne3 $14) 15. Raxd1 a5 16. Rc1 Kg7 17. a3 Qe7 18. Qc4 Rhc8 19. Rc2 Ng8
20. Rec1 Qf6 21. Ba4 Ne7 22. Bd7 Rd8 23. Bg4 Qg6 24. Qe2 Rf8 25. Bh5 Qh7 26.
Rxc7 Bxc7 27. Rxc7 Ng6 28. g3 Kg8 29. Qb5 Qg7 (29... b6 30. Qxb6 Rab8 31. Bxg6
Qxg6 32. Qxg6+ fxg6 33. Bc3 $18) 30. Rxb7 (30. Qxb7 $143 30... Rab8 31. Qc6
Rxb2 32. Bxa5 32... Ra2 $18) 30... a4 31. Bc3 Rfe8 (31... Rfd8 $18) 32. d6 Rad8
(32... Red8 33. d7 33... Nf8 $18) 33. d7 Rf8 34. Ba5 Ra8 35. Qxa4 Qf6 36. Qb5
Qe6 37. Rb6 Qa2 (37... Rxa5 38. Qxa5 Qxd7 39. Qa6 $18) 38. Bxg6 (38. Rd6 Rab8
39. Qd5 Qxd5 40. exd5 40... Rbd8 $18) 38... fxg6 39. Qxe5 (39. Rxg6+ $143 39...
Kh7 40. Qc6 Qf7 41. Rxh6+ 41... Kg7 $18) 39... Qf7 40. Be1 (40. Qd4 $142 40...
Kh7 41. Rd6 Rfd8 42. Bxd8 42... Rxd8 $18) 40... Kh7 (40... Rad8 41. Qe6 Kh7 42.
a4 $18) 41. Rd6 (41. Re6 $142 41... Qxd7 42. Re7+ Rf7 43. Rxd7 43... Rxd7 $18)
41... Rad8 (41... Rfd8 42. Qd4 $18) 42. Qd4 Qf3 (42... g4 43. Ba5 $18) 43. Ba5
(43. Ba5 Qf7 44. e5 $18) 1-0

[Event "Bad Woerishofen op"]
[Site "Bad Woerishofen"]
[Date "2001.??.??"]
[Round "8"]
[White "Werner, Clemens"]
[Black "Epishin, Vladimir"]
[Result "0-1"]
[WhiteElo "2347"]
[BlackElo "2578"]
[Annotator "ChessOrg"]
[PlyCount "115"]
[EventDate "1998.03.05"]
[Source "ChessBase"]
[SourceDate "1998.04.29"]

1. e4 {B00: Damenfianchetto, Nimzowitsch-Verteidigung} 1... c5 2. c3 b6 3. d4
Bb7 4. Bd3 e6 5. Nf3 Nf6 6. Qe2 Be7 7. O-O d5 8. e5 {letzter Buchzug} 8... Nfd7
9. a3 a5 10. Be3 c4 11. Bc2 b5 12. Ne1 h5 13. f4 g6 14. Nf3 Nc6 15. Ng5 Nf8 16.
Rf3 Rg8 17. Rh3 Rg7 18. g4 (18. Nf3 18... b4 $14) 18... Bxg5 (18... hxg4 19.
Qxg4 b4 20. axb4 axb4 21. Ba4 $15) 19. fxg5 $11 19... hxg4 20. Qxg4 Ne7 21. Rh8
Kd7 22. Nd2 Nf5 23. Qh3 Qe7 24. Bf4 Kc7 (24... Rd8 25. b3 Rc8 26. bxc4 bxc4 27.
Nf3 $14) 25. Nf3 (25. a4 b4 26. b3 26... Ba6 $16) 25... Kb6 26. Bd2 Bc6 (26...
a4 27. Re1 $11) 27. Kf2 (27. b3 cxb3 28. Bxb3 28... Rb8 $16) 27... Ka6 28. Kg2
Re8 29. Kf2 (29. b3 29... Rc8 $16) 29... Nd7 (29... Ra8 $5 $11) 30. Rh1 Rgg8
31. Rxg8 Rxg8 32. Qg4 Rh8 33. h4 Ng7 34. Ng1 Rh7 35. Ne2 Qe8 36. Ng3 Nf8 37.
Qf4 Nf5 38. h5 Nxg3 39. Kxg3 (39. Qxg3 $5 39... Rxh5 40. Rxh5 gxh5 41. Qh4 $11)
39... Rxh5 $15 40. Rxh5 gxh5 41. Qh4 b4 (41... a4 42. Qxh5 Ng6 43. Kh2 $11) 42.
Qxh5 (42. cxb4 $5 42... Ba4 43. Bb1 $16) 42... bxa3 (42... b3 43. Bd1 $15) 43.
bxa3 Ng6 44. Qh7 Ne7 45. Qg7 Ba4 46. Bh7 Bd1 47. Kf2 Bh5 48. Bc2 Bg6 49. Bd1
Qb8 50. Ke1 (50. Qf6 $5 $142 50... Nc6 51. Bc1 $11) 50... Nc6 (50... Qb1 51.
Qh8 Nc6 52. Qe8 $19) 51. Be2 Qb1+ 52. Kf2 Qb2 53. Ke3 (53. Ke1 Nxd4 54. Qh8
Nc2+ 55. Kf1 Qb1+ (55... Qxa3 $6 56. Qa8+ Kb6 57. Qb8+ Kc6 58. Qc8+ Kb5 59.
Qe8+ Kc5 60. Qc8+ Kb6 61. Qb8+ Ka6 62. Qa8+ Kb6 63. Qb8+ $11) 56. Kg2 Be4+ (
56... Nxa3 $6 57. Qa8+ Kb5 58. Qe8+ Ka6 59. Qa8+ Kb5 60. Qe8+ Ka6 61. Qa8+ $11)
57. Kf2 Qb6+ 58. Kf1 58... Qc7 $17) 53... Qxa3 (53... Ne7 54. Qf8 Qxa3 55. Qa8+
Kb6 56. Qb8+ Kc6 57. Bd1 Nf5+ 58. Kf2 $11) 54. Qh8 Qa1 55. Qh3 $4 (55. Kf2 $17
$142) 55... Qg1+ $19 56. Kf4 Nxd4 57. Bf3 Qf2 58. Qg2 0-1

[Event "Bad Woerishofen op"]
[Site "Bad Woerishofen"]
[Date "2001.??.??"]
[Round "2"]
[White "Wiesbeck, Florian"]
[Black "Trifunovic, Dusan"]
[Result "0-1"]
[WhiteElo "1815"]
[BlackElo "2063"]
[Annotator "ChessOrg"]
[PlyCount "34"]
[EventDate "1998.03.05"]
[Source "ChessBase"]
[SourceDate "1998.04.29"]

1. d4 {D08: Albins Gegengambit} 1... d5 2. c4 e5 3. dxe5 dxc4 4. Qa4+ {
letzter Buchzug} 4... Nc6 5. Nf3 Qd5 6. e3 (6. Nc3 Bb4 7. Bd2 Bxc3 8. Bxc3 8...
b5 $11) 6... Bb4+ $11 7. Bd2 b5 8. Qc2 Bxd2+ 9. Qxd2 Qc5 10. Be2 Nge7 11. Nc3
Bb7 12. Nd4 (12. Ne4 12... Qb6 $11) 12... a6 (12... b4 13. Ne4 Qxe5 14. Ng3 $17
) 13. f4 (13. e6 $5 $11) 13... Rd8 $17 14. Rd1 Nf5 15. Ne4 Qb6 16. Qc3 $4 (16.
Nxf5 $142 16... Rxd2 17. Rxd2 $17) 16... b4 (16... Ncxd4 17. Nf6+ gxf6 18. exd4
Bxg2 19. Rg1 $19) 17. Qc1 Ncxd4 (17... Ncxd4 18. exd4 18... Bxe4 $19) (17...
Nfxd4 $6 18. exd4 Nxd4 19. Nf2 $19) 0-1

[Event "Bad Woerishofen op"]
[Site "Bad Woerishofen"]
[Date "2001.??.??"]
[Round "4"]
[White "Wiesbeck, Florian"]
[Black "Heyl, Thomas"]
[Result "0-1"]
[WhiteElo "1815"]
[BlackElo "2053"]
[Annotator "ChessOrg"]
[PlyCount "83"]
[EventDate "1998.03.05"]
[Source "ChessBase"]
[SourceDate "1998.04.29"]

1. d4 {D46: Damengambit (Halbslawisch)} 1... d5 2. Nf3 e6 3. c4 Nf6 4. Nc3 c6
5. e3 Bd6 6. Bd3 O-O 7. O-O Nbd7 8. e4 dxe4 9. Nxe4 Nxe4 10. Bxe4 e5 11. Bg5 {
letzter Buchzug} 11... f6 12. dxe5 Nxe5 13. Bh4 Bg4 14. Qb3 Qb6 15. Bg3 Qxb3
16. axb3 Bxf3 17. Bxf3 Nxf3+ 18. gxf3 Be5 19. Rab1 Rad8 20. Rfe1 Rd3 21. Re3
Rfd8 22. Bxe5 fxe5 23. Rbe1 Rxe3 24. Rxe3 Rd2 25. Rxe5 Rxb2 26. Re3 Kf7 27. Kg2
a5 28. f4 b5 29. cxb5 cxb5 30. Kg3 a4 31. bxa4 bxa4 32. f3 Rb5 33. Kg4 (33. Rc3
33... h6 $17) 33... Ra5 34. Ra3 Kf6 35. h3 (35. f5 h5+ 36. Kxh5 36... Kxf5 $17)
35... g6 36. h4 h5+ 37. Kh3 Kf5 38. Kg3 Ra6 39. Kh3 Kxf4 40. Kg2 Ke5 41. Kf2
Kd4 42. Ke2 0-1

[Event "Bad Woerishofen op"]
[Site "Bad Woerishofen"]
[Date "2001.??.??"]
[Round "6"]
[White "Wiesbeck, Florian"]
[Black "Kistella, Irena"]
[Result "0-1"]
[WhiteElo "1815"]
[BlackElo "1670"]
[Annotator "ChessOrg"]
[PlyCount "50"]
[EventDate "1998.03.05"]
[Source "ChessBase"]
[SourceDate "1998.04.29"]

1. d4 {D37: Damengambit (5.Lf4)} 1... d5 2. Nf3 Nf6 3. c4 e6 4. Nc3 Be7 5. e3
O-O 6. Bd3 dxc4 7. Bxc4 b6 8. O-O Bb7 9. Bd3 {letzter Buchzug} 9... c5 10. dxc5
Bxc5 11. Qe2 Bxf3 12. Qxf3 Nbd7 13. Be2 Ne5 14. Qh3 Qc7 15. Rd1 Rad8 16. e4 (
16. Bd2 $5 $11) 16... Rxd1+ $15 17. Bxd1 Rd8 (17... Bd4 18. Bf4 $15) 18. Bf4
Bxf2+ 19. Kxf2 Nd3+ 20. Qxd3 Qxf4+ (20... Rxd3 $4 21. Bxc7 Rd2+ 22. Be2 Rxb2
23. Rd1 $18) 21. Qf3 Ng4+ 22. Kg1 Qxh2+ 23. Kf1 Rd2 24. Qh3 $4 (24. Ke1 Rxb2
25. Ne2 Qh1+ 26. Qf1 $19) 24... Rf2+ 25. Ke1 Qg1# 0-1

[Event "Bad Woerishofen op"]
[Site "Bad Woerishofen"]
[Date "2001.??.??"]
[Round "8"]
[White "Wiesbeck, Florian"]
[Black "Schmidt, Thomas"]
[Result "0-1"]
[WhiteElo "1815"]
[BlackElo "1671"]
[Annotator "ChessOrg"]
[PlyCount "58"]
[EventDate "1998.03.05"]
[Source "ChessBase"]
[SourceDate "1998.04.29"]

1. d4 {D37: Damengambit (5.Lf4)} 1... d5 2. c4 e6 3. Nc3 Be7 4. Nf3 Nf6 5. e3
b6 6. cxd5 exd5 7. Bd3 Bb7 8. Qc2 {letzter Buchzug} 8... Nbd7 9. O-O O-O 10. a3
c5 11. dxc5 bxc5 12. Rd1 Bc6 13. Bd2 Qb6 14. Rab1 a5 15. Na4 Qb7 16. Bf1 Ne4 (
16... d4 17. Ne1 $15) 17. Be1 Rfc8 18. Nc3 Nef6 19. Nh4 g6 20. g3 Nf8 21. Ng2 (
21. b3 21... Ne6 $11) 21... Ne6 22. Ne2 d4 23. exd4 (23. Nef4 23... Ng5 $15)
23... cxd4 24. Qd2 (24. Nxd4 $2 24... Nxd4 25. Rxd4 25... Be4 $19) 24... Ne4
25. Qh6 Bf8 26. Qh4 Bg7 (26... N4g5 27. Kh1 27... Nf3 $19) 27. Nef4 $4 (27. b4
N4g5 28. Kh1 $19 (28. Nxd4 $2 28... Bxd4 29. Kh1 29... Be4 $19)) 27... g5 $19
28. Qh5 gxf4 29. Nxf4 N4g5 (29... N4g5 30. Rd3 Nf3+ 31. Rxf3 31... Bxf3 $19)
0-1

[Event "Bad Woerishofen op"]
[Site "?"]
[Date "2001.??.??"]
[Round "1"]
[White "Willin, Bernhard"]
[Black "Engels, Marco"]
[Result "0-1"]
[WhiteElo "1700"]
[BlackElo "2158"]
[Annotator "ChessOrg"]
[PlyCount "46"]
[EventDate "2000.??.??"]

1. d4 {A46: Damenbauernspiele} 1... e6 2. Nf3 Nf6 3. e3 c5 4. Bd3 b6 5. O-O
5... Ba6 {letzter Buchzug} 6. c4 Be7 7. b3 O-O 8. Bb2 Nc6 9. Nc3 cxd4 10. exd4
d5 11. Re1 Rc8 (11... dxc4 12. bxc4 Rc8 13. Ne5 $11) 12. Rc1 (12. cxd5 $142
12... Bxd3 13. dxc6 $18 (13. Qxd3 $6 13... Nxd5 14. Nxd5 14... Qxd5 $15)) 12...
dxc4 $15 13. bxc4 Bb4 (13... Nb4 $5 14. Ne5 14... Nd7 $17 (14... Qxd4 $4 15.
Bxh7+ Nxh7 16. Qxd4 $18)) 14. Re3 Bd6 (14... Nxd4 $2 15. Nxd4 Bxc4 16. Ne4 Nxe4
17. Bxe4 $18) 15. g3 (15. c5 $5 $142 15... Bxd3 16. cxd6 $14 (16. Qxd3 $143
16... Bf4 $17)) 15... Nb4 $17 16. Bb1 Bxc4 17. Ne5 Bxe5 18. Rxe5 (18. dxe5 $5
$142 18... Qxd1+ 19. Rxd1 $17) 18... Nc6 $19 19. Rg5 (19. Re3 $142 19... Qxd4
20. Qe1 $19) 19... h6 (19... Qxd4 $6 20. Qe1 Ba6 21. a3 $19) 20. Rxg7+ (20. Ne4
Nxe4 21. Bxe4 Qxg5 22. Rxc4 $19) 20... Kxg7 21. d5 Bxd5 (21... Ne5 $5 $142 22.
Ne4 Nxe4 23. Bxe4 $19) 22. Nxd5 Qxd5 (22... exd5 $6 23. Qg4+ Kh8 24. Qf4 $11)
23. Qc2 $4 (23. Qg4+ Qg5 24. Bxf6+ Kxf6 25. Qf3+ Kg7 26. Rxc6 Rxc6 27. Qxc6 $19
) 23... Nd4 (23... Nd4 24. Qd3 Rxc1+ 25. Bxc1 25... Rd8 $19) 0-1

[Event "Bad Woerishofen op"]
[Site "Bad Woerishofen"]
[Date "2001.??.??"]
[Round "4"]
[White "Willin, Bernhard"]
[Black "Stierle, Martin"]
[Result "1-0"]
[WhiteElo "1700"]
[BlackElo "1945"]
[Annotator "ChessOrg"]
[PlyCount "143"]
[EventDate "1998.03.05"]
[Source "ChessBase"]
[SourceDate "1998.04.29"]

1. d4 {A80: Hollaendische Verteidigung} 1... d6 2. Nf3 f5 3. e4 {
letzter Buchzug} 3... fxe4 4. Ng5 Nf6 5. f3 h6 (5... exf3 6. Nxf3 Nbd7 7. Bc4
$15) 6. Nxe4 $11 6... Nbd7 (6... e5 7. Qe2 $11) 7. Bd3 e5 8. Nxf6+ Qxf6 (8...
Nxf6 $143 9. Bg6+ Ke7 10. Qe2 $16) 9. Nc3 (9. d5 $5 $11) 9... Qh4+ $15 (9...
exd4 $143 10. Nd5 Qe5+ 11. Be4 $14) 10. Kf1 Qxd4 11. Nd5 (11. Nb5 $5 11... Qb6
12. Be3 $15) 11... Kd8 $17 12. c4 Nc5 13. Ke2 (13. Be2 c6 14. Qxd4 14... exd4
$17) 13... Qxd3+ (13... c6 14. Ne3 $19) 14. Qxd3 $17 14... Nxd3 15. Kxd3 c6 16.
Ne3 Be7 17. b3 Bf6 18. Ke4 Be6 19. Ba3 Kc7 20. Rhd1 Rad8 21. Rac1 Rhf8 22. Nd5+
Bxd5+ 23. cxd5 Bg5 24. Rc4 Rf4+ 25. Kd3 Kd7 26. Rxf4 Bxf4 27. g3 Bg5 28. dxc6+
bxc6 29. Ke4 Ke6 30. f4 d5+ 31. Kf3 e4+ 32. Ke3 Bf6 33. Bc5 Rd7 34. h3 (34. g4
34... g6 $17) 34... g5 35. fxg5 Bxg5+ 36. Ke2 Rf7 37. h4 Bd8 38. Be3 (38. Rc1
38... h5 $17) 38... h5 (38... Bb6 $5 39. Bxh6 Rf2+ 40. Ke1 Rxa2 41. Rc1 $19)
39. Rc1 $17 39... Rc7 40. b4 a6 (40... Bf6 $17 $142) 41. Bb6 $11 41... Rc8 42.
Bxd8 Rxd8 43. Rxc6+ Rd6 44. Rxd6+ Kxd6 45. g4 $4 (45. a4 $18 $142) 45... hxg4
$14 46. h5 46... Ke6 $2 (46... d4 $5 47. h6 47... g3 $14) 47. h6 47... Kf6 $4 (
47... Kf7 $142 48. h7 48... Kg7 $16) 48. h7 (48. a4 d4 49. b5 d3+ 50. Kd2 axb5
51. h7 $11) 48... Kg7 $17 49. a4 d4 50. b5 50... g3 $2 (50... d3+ $5 $142 51.
Kd2 axb5 52. axb5 52... g3 $11) 51. bxa6 $16 51... d3+ 52. Kd2 g2 53. h8=Q+
Kxh8 54. a7 g1=Q (54... e3+ 55. Kxd3 g1=Q 56. a8=Q+ Kg7 57. a5 $11) 55. a8=Q+
$16 55... Kg7 56. Qxe4 Qg3 57. Qe3 Qg2+ (57... Qd6 $5 $16) 58. Kxd3 $18 58...
Qf1+ 59. Kc3 Qa1+ 60. Kb4 Qb1+ 61. Ka5 Qf5+ 62. Kb6 Qf6+ 63. Kb5 Qf1+ 64. Kc5
Qf5+ 65. Kd6 Qf6+ 66. Kd7 Qf5+ 67. Qe6 Qd3+ 68. Ke8 Qf3 69. Qe5+ Kg6 70. a5
Qa8+ 71. Kd7 Kf7 (71... Qf3 $18) 72. Qe7+ (72. Qe7+ Kg6 73. Qe8+ Qxe8+ 74. Kxe8
$18) 1-0

[Event "Bad Woerishofen op"]
[Site "Bad Woerishofen"]
[Date "2001.??.??"]
[Round "8"]
[White "Willin, Bernhard"]
[Black "Schmidt, Volker"]
[Result "0-1"]
[WhiteElo "1700"]
[BlackElo "2000"]
[Annotator "ChessOrg"]
[PlyCount "56"]
[EventDate "1998.03.05"]
[Source "ChessBase"]
[SourceDate "1998.04.29"]

1. d4 {D11: Damengambit (Slawische Verteidigung)} 1... Nf6 2. Nf3 d5 3. e3 Bg4
4. c4 c6 5. Nc3 e6 6. Qb3 Qc8 7. Ne5 Bf5 8. cxd5 {letzter Buchzug} 8... exd5 9.
Bd2 Nbd7 10. Rc1 Be7 11. Be2 O-O 12. O-O Be6 13. Nd3 c5 (13... Re8 $5 $11) 14.
Nf4 $14 14... c4 15. Qd1 Qc6 16. a4 a6 17. a5 Bb4 (17... b5 $5 $11 $142) 18.
Ncxd5 $1 $16 (18. Nxe6 $6 18... fxe6 19. Ne4 Bxd2 (19... dxe4 $2 20. Bxb4 b5
21. Bxf8 Rxf8 22. f3 $18) (19... Nxe4 $143 20. Bxb4 Rf7 21. f3 $14) 20. Nxd2
20... b6 $11) 18... Nxd5 (18... Qxd5 19. Nxd5) 19. Rxc4 (19. Nxd5 Bxd5 20. Bxb4
Rfe8 21. Bxc4 21... Bxc4 $16) 19... Qd6 20. Nxe6 (20. Bxb4 $142 20... Nxb4 21.
d5 Nxd5 22. Rd4 $16) 20... fxe6 $15 21. Bxb4 Nxb4 22. Qa4 Nd5 23. Rfc1 Qe7 (
23... b5 $142 24. axb6 24... N7xb6 $15) 24. Bf3 $2 (24. R4c2 $11 $142) 24... b5
$1 $19 25. axb6 (25. Qxb5 axb5) 25... N7xb6 (25... N5xb6 $143 26. Qb4 Qxb4 27.
Rxb4 $17) 26. Qa5 (26. Qc6 Nxc4 27. Bxd5 exd5 28. Qxd5+ Qf7 29. Qxc4 29... Rab8
$19) 26... Nxc4 27. Rxc4 Qd8 (27... Rxf3 28. gxf3 Qg5+ 29. Kh1 $19) 28. Qd2 Rc8
(28... Rc8 29. b3 29... Rb8 $19) 0-1

[Event "Bad Woerishofen op"]
[Site "?"]
[Date "2001.??.??"]
[Round "1"]
[White "Wissinger, Peter"]
[Black "Schramm, Christian"]
[Result "0-1"]
[WhiteElo "1965"]
[BlackElo "2349"]
[Annotator "ChessOrg"]
[PlyCount "66"]
[EventDate "2000.??.??"]

1. Nf3 {A30: Englische Eroeffnung (Symmetrische Variante)} 1... c5 2. c4 Nc6 3.
g3 Nf6 4. Bg2 e6 5. O-O Be7 6. d4 cxd4 7. Nxd4 a6 8. Nc3 Qc7 9. b3 O-O 10. Bb2
10... Rd8 {letzter Buchzug} 11. Rc1 Nxd4 12. Qxd4 Rb8 13. Rfd1 b6 14. e4 d6 15.
Qd2 Bb7 16. Qe2 Ba8 17. f4 Bf8 18. Kh1 Nd7 19. g4 Qc5 20. Na4 Qc6 21. Nc3 (21.
Qf3 21... Be7 $14) 21... Qc5 22. Na4 (22. a3 22... Qc7 $14) 22... Qc6 23. Nc3
b5 (23... Qc5 $5 $11) 24. cxb5 $14 24... axb5 25. b4 Qc4 26. Qxc4 bxc4 27. a3
Nc5 28. Rc2 Nd3 29. Bc1 (29. Rxd3 cxd3 30. Rd2 d5 31. exd5 31... Bd6 $11) 29...
d5 $17 30. Kg1 Rbc8 31. exd5 exd5 32. Nb5 Bc6 (32... Nxc1 $143 33. Rcxc1 Be7
34. Rc2 $11) 33. Nd4 $2 (33. Na7 $142 33... Ba4 34. Rxd3 Bxc2 35. Rd2 $15)
33... Ba4 $19 (33... Ba4 34. Rxd3 34... Bxc2 $17) (33... Nxc1 34. Nxc6 (34.
Rdxc1 $143 34... Bd7 $11) 34... Rxc6 35. Rcxc1 $16) 0-1

[Event "Bad Woerishofen op"]
[Site "Bad Woerishofen"]
[Date "2001.??.??"]
[Round "4"]
[White "Wissinger, Peter"]
[Black "Mueller, Gunter"]
[Result "1-0"]
[WhiteElo "1965"]
[BlackElo "1781"]
[Annotator "ChessOrg"]
[PlyCount "155"]
[EventDate "1998.03.05"]
[Source "ChessBase"]
[SourceDate "1998.04.29"]

1. Nf3 {A13: Reti-Eroeffnung} 1... Nf6 2. c4 e6 3. b3 d5 4. Bb2 c5 5. g3 b6 6.
Bg2 Bb7 7. O-O 7... Nbd7 {letzter Buchzug} 8. cxd5 exd5 9. d4 Be7 10. Nbd2 O-O
11. e3 Rc8 12. Rc1 Ne4 13. Nxe4 dxe4 14. Nd2 f5 15. Qe2 Qe8 16. Nc4 Qg6 17.
Rfd1 Rfd8 18. a4 Qe6 19. Bf1 Nf6 20. dxc5 Bxc5 21. Ba1 Qe7 22. Qb2 Bb4 23. Qe5
Qxe5 24. Nxe5 Rxd1 25. Rxd1 Bd5 26. Nd7 Be6 (26... Bxb3 27. Nxf6+ gxf6 28. Rb1
$15) 27. Nxf6+ (27. Bxf6 gxf6 28. Nxf6+ 28... Kf7 $14) 27... gxf6 $11 28. Bxf6
Kf7 (28... Bxb3 $2 29. Rb1 Bxa4 30. Rxb4 $18) 29. Bd4 Ba3 (29... Bxb3 $2 30.
Rb1 Bxa4 31. Rxb4 $18) 30. Rb1 Bb4 31. Be2 Ke7 32. Ba6 Rc2 33. Kg2 Kf7 34. Be5
Ke7 35. Bb5 (35. Bb8 35... Kd7 $16) 35... Kf7 36. Bb8 a5 37. Be5 Bc5 38. Kg1
Ke7 39. Bf1 Kf7 40. Bb5 (40. h4 40... Bd5 $14) 40... Ke7 41. Kf1 Kf7 42. Be2
Kg6 43. Bd1 Rd2 44. Bc3 Rd3 45. Be1 Bb4 46. Bc2 Rd6 47. Ke2 (47. Bxb4 axb4 48.
h4 48... Rc6 $14) 47... Rc6 $14 48. Rb2 Bxe1 (48... Ba3 $5 49. Ra2 49... Bd6
$14) 49. Kxe1 $16 49... Rd6 50. b4 axb4 51. Rxb4 h6 52. g4 fxg4 53. Bxe4+ Bf5
54. Bg2 Bc8 55. f3 h5 56. fxg4 hxg4 57. Kf2 Bd7 58. Kg3 Kg5 59. Bf1 Re6 60. e4
Rc6 61. Rb5+ Kg6 62. Rd5 Rc3+ 63. Rd3 Rxd3+ 64. Bxd3 Kg5 65. Bb5 Bc8 66. Bc6
Be6 67. Bd5 Bd7 68. Bb3 Bc8 69. e5 Kf5 (69... Bd7 $5 $18 $142) 70. e6 70...
Bxe6 $4 (70... Kf6 $18) 71. Bxe6+ Kxe6 72. Kxg4 Kd5 73. h4 Kc5 74. h5 Kb4 75.
h6 Kxa4 76. h7 b5 77. h8=Q b4 78. Qb2 (78. Qb2 b3 79. Kf4 $18) 1-0